[Event "Voronezh op-B 20th"]
[Site "Voronezh"]
[Date "2016.06.21"]
[Round "9"]
[White "Kovalenko, Vladimir"]
[Black "Kozlov, Sergej A"]
[Result "1/2-1/2"]
[WhiteElo "2174"]
[BlackElo "2003"]
[PlyCount "112"]
[EventDate "2016.06.12"]
[EventType "swiss"]
[EventRounds "9"]
[EventCountry "RUS"]
[SourceTitle "EXT 2017"]
[Source "ChessBase"]
[SourceDate "2016.10.25"]
[SourceVersion "1"]
[SourceVersionDate "2016.10.25"]
[SourceQuality "1"]

1. d4 e6 2. e4 d5 3. exd5 exd5 4. c4 Nf6 5. Nc3 Be7 6. Bd3 dxc4 7. Bxc4 0-0 8. Nge2 Nbd7 9. 0-0 Nb6 10. Bb3 Bf5 11. Ng3 Bd7 12. Qd3 Bc6 13. Nf5 Bd7 14. Nxe7+ Qxe7 15. Bg5 Qd6 16. Bc2 g6 17. Qf3 Nbd5 18. Qg3 Qxg3 19. fxg3 Kg7 20. Bb3 Be6 21. Rae1 c6 22. h3 Rfe8 23. g4 Nd7 24. Ne4 h6 25. Bd2 N7b6 26. Nc5 Re7 27. Re2 Rae8 28. Ref2 Nc8 29. Nxe6+ fxe6 30. Bxd5 exd5 31. Bf4 Nb6 32. Be5+ Kg8 33. g5 hxg5 34. Rf6 Re6 35. Rf7 R6e7 36. Rxe7 Rxe7 37. Rf6 Kg7 38. Rxc6+ Kh6 39. Rc5 g4 40. h4 Kh5 41. Kh2 Rf7 42. Kg3 g5 43. hxg5 Kxg5 44. b3 Rf1 45. Rc7 Ra1 46. Rc2 Nd7 47. Bf4+ Kf5 48. Rc7 Nf6 49. Rf7 Ke6 50. Rxb7 Rxa2 51. Bb8 Kf5 52. Rf7 Rb2 53. Bxa7 Rxb3+ 54. Kh4 Rb2 55. Kg3 Ke6 56. Rc7 Kf5 1/2-1/2

[Event "Voronezh op-B 20th"]
[Site "Voronezh"]
[Date "2016.06.19"]
[Round "7"]
[White "Palkovich, Denis"]
[Black "Kozlov, Sergej A"]
[Result "0-1"]
[WhiteElo "2131"]
[BlackElo "2003"]
[PlyCount "104"]
[EventDate "2016.06.12"]
[EventType "swiss"]
[EventRounds "9"]
[EventCountry "RUS"]
[SourceTitle "EXT 2017"]
[Source "ChessBase"]
[SourceDate "2016.10.25"]
[SourceVersion "1"]
[SourceVersionDate "2016.10.25"]
[SourceQuality "1"]

1. d4 e6 2. Bf4 f5 3. Nc3 Nf6 4. a3 Be7 5. e3 0-0 6. h3 d6 7. g4 Nc6 8. gxf5 e5 9. dxe5 dxe5 10. Bc4+ Kh8 11. Bg3 Bxf5 12. Nf3 Ne4 13. Qxd8 Raxd8 14. Bxe5 Bg6 15. Bxc7 Rc8 16. Bf4 Nxc3 17. bxc3 Be4 18. Be2 g5 19. Bxg5 Bxf3 20. Rg1 Be4 21. Bd3 Bd5 22. Bf4 Bf6 23. 0-0-0 Bf3 24. Bf5 Bxd1 25. Bxc8 Rxc8 26. Rxd1 Rd8 27. Rxd8+ Nxd8 28. Kd2 Ne6 29. Bb8 a6 30. f4 Nc5 31. c4 Kg7 32. Ba7 Be7 33. Bxc5 Bxc5 34. a4 Kg6 35. e4 Kh5 36. Ke2 Kh4 37. Kf3 Kxh3 38. e5 Kh4 39. Ke4 Kg4 40. f5 Kg5 41. Kd5 Kxf5 42. Kxc5 Kxe5 43. Kb6 h5 44. Kxb7 Kd4 45. Kxa6 h4 46. Kb6 Kxc4 47. a5 h3 48. a6 h2 49. Kc7 h1Q 50. Kb8 Qc6 51. a7 Qb6+ 52. Ka8 Kb5 0-1

[Event "Voronezh op-B 19th"]
[Site "Voronezh"]
[Date "2015.06.20"]
[Round "8"]
[White "Kozlov, Sergej A"]
[Black "Sakorenko, Adriana"]
[Result "1/2-1/2"]
[WhiteElo "1995"]
[BlackElo "1863"]
[PlyCount "56"]
[EventDate "2015.06.12"]
[EventType "swiss"]
[EventRounds "9"]
[EventCountry "RUS"]
[SourceTitle "CBM 167 Extra"]
[Source "ChessBase"]
[SourceDate "2015.09.14"]
[SourceVersion "1"]
[SourceVersionDate "2015.09.14"]
[SourceQuality "1"]

1. d4 Nf6 2. c4 e6 3. Nf3 b6 4. g3 Bb7 5. Bg2 Be7 6. Nc3 Ne4 7. Qc2 Nxc3 8. bxc3 Nc6 9. 0-0 0-0 10. Ne5 Na5 11. Bxb7 Nxb7 12. e4 Na5 13. Qa4 d6 14. Nc6 Qd7 15. Nxe7+ Qxe7 16. c5 dxc5 17. dxc5 Qe8 18. Qd4 Qc6 19. Be3 Nb7 20. cxb6 axb6 21. Rfd1 Nc5 22. e5 Ra4 23. Qd2 Ne4 24. Qd3 Nc5 25. Qd2 Ne4 26. Qd3 Nc5 27. Qd2 Ne4 28. Qd3 Nc5 1/2-1/2

[Event "Voronezh op-B 19th"]
[Site "Voronezh"]
[Date "2015.06.18"]
[Round "6"]
[White "Kozlov, Sergej A"]
[Black "Salaev, Ruslan"]
[Result "1/2-1/2"]
[WhiteElo "1995"]
[BlackElo "1943"]
[PlyCount "82"]
[EventDate "2015.06.12"]
[EventType "swiss"]
[EventRounds "9"]
[EventCountry "RUS"]
[SourceTitle "CBM 167 Extra"]
[Source "ChessBase"]
[SourceDate "2015.09.14"]
[SourceVersion "1"]
[SourceVersionDate "2015.09.14"]
[SourceQuality "1"]

1. d4 Nf6 2. c4 c5 3. d5 b5 4. cxb5 a6 5. b6 d6 6. Nc3 Nbd7 7. e4 g6 8. Nf3 Bg7 9. Be2 0-0 10. 0-0 Nxb6 11. Nd2 e6 12. Nc4 exd5 13. exd5 Nxc4 14. Bxc4 Rb8 15. Qc2 Nd7 16. Ne4 Ne5 17. Bg5 f6 18. Bf4 Nxc4 19. Qxc4 Rb4 20. Qc2 f5 21. Bg5 Qb6 22. Nd2 Rxb2 23. Qd3 Rb4 24. Rab1 a5 25. Rfe1 Ba6 26. Qe3 Be5 27. Rxb4 axb4 28. Nf3 Re8 29. Bf4 Bc4 30. Nxe5 dxe5 31. Bxe5 Bxd5 32. Rd1 Qe6 33. Qxc5 Qxe5 34. f4 Qe3+ 35. Qxe3 Rxe3 36. Rxd5 Ra3 37. Rd4 Rxa2 38. Rxb4 Ra7 39. g3 Kg7 40. Rb6 Ra2 41. Rb7+ Kh6 1/2-1/2

[Event "Voronezh School Rating"]
[Site "Voronezh"]
[Date "2014.11.28"]
[Round "7.5"]
[White "Kozlov, Sergej A"]
[Black "Gasparian, Haik"]
[Result "1/2-1/2"]
[WhiteElo "2048"]
[BlackElo "2083"]
[PlyCount "139"]
[EventDate "2014.11.21"]
[EventType "tourn"]
[EventRounds "9"]
[EventCountry "RUS"]
[SourceTitle "EXT 2018"]
[Source "ChessBase"]
[SourceDate "2017.10.13"]
[SourceVersion "1"]
[SourceVersionDate "2017.10.13"]
[SourceQuality "1"]

1. d4 d5 2. c4 e6 3. Nc3 Nf6 4. Bg5 Be7 5. e3 0-0 6. Nf3 Nbd7 7. Rc1 c6 8. a3 a5 9. Qc2 Re8 10. Bd3 Nf8 11. 0-0 Ng6 12. Rfd1 Nh5 13. Bxe7 Qxe7 14. Ne2 dxc4 15. Qxc4 Nh4 16. Nxh4 Qxh4 17. Qc5 Nf6 18. Ng3 g6 19. h3 Nd5 20. Ne4 e5 21. Nd6 Re7 22. dxe5 Rxe5 23. Nxc8 Rxc8 24. e4 b6 25. Qd4 Rg5 26. Bf1 c5 27. Qd2 Nf6 28. f3 Re8 29. Bb5 Rf8 30. Kh1 Nh5 31. Qd6 Qf2 32. Rd2 Qe3 33. Rcd1 Nf4 34. Qf6 Nh5 35. Qd6 Kg7 36. Rd5 Rxd5 37. Qxd5 Qf4 38. Qd2 Qe5 39. Qc3 Qxc3 40. bxc3 Rb8 41. Rd7 g5 42. Bc4 b5 43. Bxf7 Nf4 44. Ra7 a4 45. g3 Ng6 46. Bd5+ Kf6 47. f4 gxf4 48. gxf4 Nh4 49. Rxh7 b4 50. cxb4 cxb4 51. axb4 Nf3 52. e5+ Nxe5 53. fxe5+ Kxe5 54. Bc6 Rxb4 55. Ra7 Rb3 56. Ra5+ Kf6 57. Kg2 a3 58. Bd7 Rd3 59. Bg4 Rc3 60. Kf2 Rb3 61. Bf3 Kg6 62. Kg3 Kh6 63. h4 Kg6 64. Kg4 Rb4+ 65. Kh3 Rb3 66. Kg3 Rc3 67. Ra6+ Kf5 68. h5 Rb3 69. Ra5+ Kf6 70. Kf4 1/2-1/2

[Event "Voronezh CC-ch"]
[Site "Voronezh"]
[Date "2014.10.19"]
[Round "3"]
[White "Kozlov, Sergej A"]
[Black "Lukovnikov, Alexander"]
[Result "0-1"]
[WhiteElo "2034"]
[BlackElo "2252"]
[PlyCount "46"]
[EventDate "2014.10.17"]
[EventType "swiss"]
[EventRounds "9"]
[EventCountry "RUS"]
[SourceTitle "CBM 163 Extra"]
[Source "ChessBase"]
[SourceDate "2014.12.23"]
[SourceVersion "1"]
[SourceVersionDate "2014.12.23"]
[SourceQuality "1"]

1. d4 Nf6 2. c4 c5 3. d5 e6 4. Nc3 exd5 5. cxd5 d6 6. e4 g6 7. Nf3 Bg7 8. Be2 0-0 9. 0-0 Re8 10. Nd2 a6 11. a4 Nbd7 12. Qc2 Ne5 13. f4 Neg4 14. Nc4 Nxe4 15. Nxe4 Bd4+ 16. Nf2 Qh4 17. Bxg4 Bxg4 18. g3 Qh5 19. Nxd6 Re2 20. Qd3 Qxd5 21. Nde4 Rxe4 22. Qc2 Re2 23. Bd2 Bh3 0-1

[Event "Voronezh CC-ch"]
[Site "Voronezh"]
[Date "2014.10.17"]
[Round "1"]
[White "Kozlov, Sergej A"]
[Black "Tatarintsev, Egor"]
[Result "1-0"]
[WhiteElo "2034"]
[BlackElo "1671"]
[PlyCount "59"]
[EventDate "2014.10.17"]
[EventType "swiss"]
[EventRounds "9"]
[EventCountry "RUS"]
[SourceTitle "CBM 163 Extra"]
[Source "ChessBase"]
[SourceDate "2014.12.23"]
[SourceVersion "1"]
[SourceVersionDate "2014.12.23"]
[SourceQuality "1"]

1. d4 e6 2. c4 b6 3. Nf3 Bb7 4. g3 f5 5. Bg2 Nf6 6. 0-0 Be7 7. Nc3 Ne4 8. Qc2 Nxc3 9. bxc3 0-0 10. Rd1 Qe8 11. Bf4 d6 12. c5 Qf7 13. Ng5 Bxg5 14. Bxb7 Bxf4 15. Bxa8 Nd7 16. Bg2 Bh6 17. cxd6 cxd6 18. e3 Nf6 19. c4 g5 20. d5 f4 21. dxe6 Qxe6 22. exf4 gxf4 23. Qd3 fxg3 24. hxg3 Kh8 25. Re1 Qf7 26. Qxd6 Ng4 27. Qd4+ Bg7 28. Qxg4 Qxf2+ 29. Kh1 Bxa1 30. Rxa1 1-0

[Event "Voronezh Rating op 06"]
[Site "Voronezh"]
[Date "2014.06.04"]
[Round "5"]
[White "Kostin, Alexey"]
[Black "Kozlov, Sergej A"]
[Result "1-0"]
[WhiteElo "2303"]
[BlackElo "1905"]
[PlyCount "67"]
[EventDate "2014.05.30"]
[EventType "swiss"]
[EventRounds "7"]
[EventCountry "RUS"]
[SourceTitle "EXT 2015"]
[Source "ChessBase"]
[SourceDate "2014.11.20"]
[SourceVersion "1"]
[SourceVersionDate "2014.11.20"]
[SourceQuality "1"]

1. e4 e6 2. d3 d5 3. Nd2 Nf6 4. Ngf3 Nc6 5. Be2 Bd6 6. 0-0 0-0 7. c3 a5 8. Qc2 e5 9. Re1 Re8 10. Nf1 h6 11. b3 Be6 12. a3 Qd7 13. Bb2 dxe4 14. dxe4 a4 15. b4 Bb3 16. Qb1 Qe6 17. Ne3 Rad8 18. Bc1 Ne7 19. Nd2 c5 20. Nxb3 Qxb3 21. Bb2 Qe6 22. Bb5 Rf8 23. Bxa4 Ng4 24. Bc1 Nxe3 25. Bxe3 c4 26. Bb5 Ng6 27. Qa2 Nh4 28. f3 Rc8 29. Rad1 Rfd8 30. Rd5 Qg6 31. Qf2 Qh5 32. g4 Nxf3+ 33. Qxf3 Qg6 34. Qf5 1-0

[Event "Voronezh Rating op 06"]
[Site "Voronezh"]
[Date "2014.06.03"]
[Round "4"]
[White "Kozlov, Sergej A"]
[Black "Polyansky, Viktor"]
[Result "1-0"]
[WhiteElo "1905"]
[BlackElo "1985"]
[PlyCount "105"]
[EventDate "2014.05.30"]
[EventType "swiss"]
[EventRounds "7"]
[EventCountry "RUS"]
[SourceTitle "EXT 2015"]
[Source "ChessBase"]
[SourceDate "2014.11.20"]
[SourceVersion "1"]
[SourceVersionDate "2014.11.20"]
[SourceQuality "1"]

1. d4 f5 2. c4 Nf6 3. g3 e6 4. Bg2 Bb4+ 5. Bd2 Bxd2+ 6. Qxd2 0-0 7. Nc3 d6 8. Nh3 Nc6 9. 0-0 e5 10. dxe5 Nxe5 11. b3 c6 12. Rad1 Nf7 13. Ng5 Nxg5 14. Qxg5 Qe7 15. Rfe1 Qe5 16. Qd2 Ne8 17. f4 Qc5+ 18. Qd4 Qxd4+ 19. Rxd4 Kf7 20. e4 g6 21. Kf2 Be6 22. exf5 gxf5 23. Bf3 Rd8 24. Bh5+ Kf6 25. Red1 Bf7 26. Bf3 h5 27. Ne2 Ke7 28. Ng1 Nf6 29. Re1+ Kd7 30. c5 d5 31. Re5 Be6 32. Nh3 Ne4+ 33. Bxe4 fxe4 34. Ng5 Bf5 35. Nxe4 Bxe4 36. Rexe4 Rf5 37. Re2 b5 38. h3 Rh8 39. g4 hxg4 40. hxg4 Rh2+ 41. Kf3 Rxe2 42. Kxe2 Rf8 43. Kf3 Rh8 44. Kg2 Rh4 45. Kg3 Rh1 46. f5 Ke7 47. Kf4 Rc1 48. Kg5 Rxc5 49. Kg6 Kf8 50. g5 Rc2 51. f6 Rh2 52. Rd3 Rh4 53. Rc3 1-0

[Event "Voronezh Rating op 03-B"]
[Site "Voronezh"]
[Date "2014.03.30"]
[Round "7"]
[White "Kozlov, Sergej A"]
[Black "Kholodov, Vladimir"]
[Result "1-0"]
[WhiteElo "1905"]
[BlackElo "1998"]
[PlyCount "111"]
[EventDate "2014.03.20"]
[EventType "swiss"]
[EventRounds "9"]
[EventCountry "RUS"]
[SourceTitle "EXT 2015"]
[Source "ChessBase"]
[SourceDate "2014.11.20"]
[SourceVersion "1"]
[SourceVersionDate "2014.11.20"]
[SourceQuality "1"]

1. d4 Nf6 2. Nf3 g6 3. c4 Bg7 4. Nc3 0-0 5. e4 d6 6. Be2 c5 7. 0-0 cxd4 8. Nxd4 Nc6 9. Be3 a6 10. Qd2 Ng4 11. Bxg4 Bxg4 12. f3 Bd7 13. Nd5 e6 14. Nxc6 bxc6 15. Nc3 d5 16. cxd5 cxd5 17. exd5 exd5 18. Qxd5 Qc7 19. Bd4 Be6 20. Qe4 Bf5 21. Qe3 Rfe8 22. Qf2 Qc4 23. Bxg7 Kxg7 24. Rac1 Rad8 25. b3 Qf4 26. Rcd1 Qe5 27. Na4 Qb5 28. Qb2+ f6 29. Rxd8 Rxd8 30. Re1 Qb4 31. Qc3 Qd6 32. Qc5 Qd2 33. Qe7+ Kg8 34. Nc5 Qd4+ 35. Qe3 Qb2 36. Re2 Qa3 37. Ne4 Kg7 38. Kf2 Bxe4 39. Qxe4 Rd7 40. Qe6 Qc5+ 41. Qe3 Qd6 42. g3 h5 43. Qe6 Qc5+ 44. Kg2 Qb5 45. a4 Qb7 46. b4 Rc7 47. Qe4 Qc8 48. b5 axb5 49. axb5 Qb8 50. Qd5 Qb6 51. Qd8 Qb7 52. b6 Rd7 53. Qe8 g5 54. Rc2 g4 55. Qxd7+ Qxd7 56. Rc7 1-0

[Event "Voronezh Rating op 03-B"]
[Site "Voronezh"]
[Date "2014.03.22"]
[Round "2"]
[White "Kozlov, Sergej A"]
[Black "Golyshkina, Marina"]
[Result "1-0"]
[WhiteElo "1905"]
[BlackElo "1614"]
[PlyCount "49"]
[EventDate "2014.03.20"]
[EventType "swiss"]
[EventRounds "9"]
[EventCountry "RUS"]
[SourceTitle "EXT 2015"]
[Source "ChessBase"]
[SourceDate "2014.11.20"]
[SourceVersion "1"]
[SourceVersionDate "2014.11.20"]
[SourceQuality "1"]

1. d4 Nf6 2. Nf3 g6 3. c4 Bg7 4. Nc3 0-0 5. e4 d6 6. Be2 e5 7. dxe5 dxe5 8. Qxd8 Rxd8 9. Bg5 Re8 10. Nd5 Nxd5 11. cxd5 c6 12. Bc4 Bd7 13. 0-0-0 cxd5 14. Bxd5 Bc6 15. Bxc6 Nxc6 16. Rd7 Rac8 17. Kb1 b6 18. Rc1 Bf8 19. Bf6 Bg7 20. Bxg7 Kxg7 21. Ng5 Kg8 22. Nxf7 Ne7 23. Nd6 Rxc1+ 24. Kxc1 Rf8 25. Rxe7 1-0

[Event "Voronezh Rating op 10"]
[Site "Voronezh"]
[Date "2013.10.06"]
[Round "5"]
[White "Malin, Alexey"]
[Black "Kozlov, Sergej A"]
[Result "1/2-1/2"]
[WhiteElo "1844"]
[BlackElo "1897"]
[PlyCount "51"]
[EventDate "2013.10.02"]
[EventType "swiss"]
[EventRounds "7"]
[EventCountry "RUS"]
[SourceTitle "EXT 2015"]
[Source "ChessBase"]
[SourceDate "2014.11.20"]
[SourceVersion "1"]
[SourceVersionDate "2014.11.20"]
[SourceQuality "1"]

1. e4 e6 2. d4 d5 3. e5 c5 4. c3 Qb6 5. Nf3 Bd7 6. Bd3 Bb5 7. 0-0 Bxd3 8. Qxd3 cxd4 9. cxd4 Nc6 10. Nc3 Nge7 11. Be3 Nf5 12. Nxd5 Qd8 13. Nc3 Be7 14. a3 0-0 15. Rfd1 Qc7 16. Qe4 Qb6 17. b4 Rac8 18. Nd5 Qb5 19. Nxe7+ Ncxe7 20. Rdc1 Nd5 21. Bd2 Rc4 22. g4 Nfe7 23. Ng5 Ng6 24. h4 Rfc8 25. h5 Nf8 26. Rxc4 1/2-1/2

[Event "Voronezh op-B 17th"]
[Site "Voronezh"]
[Date "2013.06.17"]
[Round "7"]
[White "Kozlov, Sergej A"]
[Black "Malikov, Sergey Konstantinov"]
[Result "0-1"]
[WhiteElo "1886"]
[BlackElo "1811"]
[PlyCount "100"]
[EventDate "2013.06.12"]
[EventType "swiss"]
[EventRounds "9"]
[EventCountry "RUS"]
[SourceTitle "EXT 2014"]
[Source "ChessBase"]
[SourceDate "2013.11.20"]
[SourceVersion "1"]
[SourceVersionDate "2013.11.20"]
[SourceQuality "1"]

1. d4 Nf6 2. Nf3 e6 3. c4 d5 4. Bg5 Be7 5. Nc3 0-0 6. e3 Nbd7 7. Rc1 dxc4 8. Bxc4 Nb6 9. Bd3 Nfd5 10. Bxe7 Qxe7 11. 0-0 c6 12. Bb1 Rd8 13. Qc2 g6 14. a3 Bd7 15. Ne5 Be8 16. Rfd1 Nd7 17. Nxd7 Nxc3 18. Qxc3 Rxd7 19. Be4 Rad8 20. Bf3 f6 21. Qc5 Qxc5 22. dxc5 Rxd1+ 23. Bxd1 Rd2 24. Bc2 Bf7 25. Kf1 e5 26. Ke1 Rd7 27. b4 Be6 28. a4 a6 29. Rb1 Ba2 30. Rb2 Bc4 31. g4 Kg7 32. Be4 Kf7 33. Bc2 Ke6 34. Bb3 Bxb3 35. Rxb3 e4 36. Rc3 Rd5 37. Rc4 Ke5 38. Ke2 f5 39. g5 Rd7 40. f4+ Ke6 41. Rc3 h6 42. gxh6 Rh7 43. b5 axb5 44. axb5 Rxh6 45. b6 Rxh2+ 46. Kf1 Ra2 47. Rc4 Ra5 48. Ke2 Kd5 49. Rd4+ Kxc5 50. Rd2 Kxb6 0-1

[Event "Voronezh op-B 17th"]
[Site "Voronezh"]
[Date "2013.06.17"]
[Round "6"]
[White "Moiseenko, Andrey"]
[Black "Kozlov, Sergej A"]
[Result "1-0"]
[WhiteElo "1725"]
[BlackElo "1886"]
[PlyCount "53"]
[EventDate "2013.06.12"]
[EventType "swiss"]
[EventRounds "9"]
[EventCountry "RUS"]
[SourceTitle "EXT 2014"]
[Source "ChessBase"]
[SourceDate "2013.11.20"]
[SourceVersion "1"]
[SourceVersionDate "2013.11.20"]
[SourceQuality "1"]

1. d4 d5 2. Nf3 Nc6 3. Bf4 Nf6 4. e3 Bg4 5. h3 Bxf3 6. Qxf3 e6 7. Bd3 Nb4 8. a3 Nxd3+ 9. cxd3 c5 10. dxc5 Bxc5 11. d4 Qa5+ 12. Nc3 Bb4 13. 0-0 Bxc3 14. bxc3 Qxc3 15. Rfc1 Qa5 16. Bd6 Ne4 17. Bb4 Qd8 18. Qf4 Rc8 19. f3 Nf6 20. Rxc8 Qxc8 21. e4 a5 22. Rc1 Qa8 23. Bd6 dxe4 24. Rc7 Qd8 25. Rxb7 Nd7 26. Qxe4 Qg5 27. Qc6 1-0